Trendy v rozvoji práškových technologií (materiály 22) /

Guardado en:
Detalles Bibliográficos
Autor principal: Potůček, Bedřich (Autor)
Formato: Libro
Publicado: Praha : UVTEI, 1989
Etiquetas: Agregar Etiqueta
Sin Etiquetas, Sea el primero en etiquetar este registro!

MARC

LEADER 00000nam a22000003a 4500
001 stu48403
005 20150617225708.2
008 ------s1989----cs----------------------d
040 |a STU  |b slo 
041 0
044 |a cs 
080 |a 621.762.2 
100 1 |a Potůček, Bedřich  |4 aut 
245 1 |a Trendy v rozvoji práškových technologií (materiály 22) /  |c [aut.] Potůček,Bedřich 
260 |a Praha :  |b UVTEI,  |c 1989 
300 |a 69 s 
996 |b J83051  |c J*83051/K 13  |l JJK13  |s P  |a 0  |w stu48403_0001